[Event "Fynsmesterskabet"]
[Site "Odense"]
[Date "2011.06.02"]
[Round "3"]
[White "Danielsen, Henrik"]
[Black "Hansen, Mads"]
[Result "1-0"]
[WhiteElo "2545"]
[BlackElo "2225"]
[PlyCount "139"]
[EventDate "2011.06.01"]
[EventType "swiss"]
[EventRounds "9"]
[EventCountry "DEN"]
[SourceTitle "CBM 142 Extra"]
[Source "ChessBase"]
[SourceDate "2011.06.27"]

1. g3 Nf6 2. Bg2 d5 3. f4 g6 4. Nf3 Bg7 5. O-O O-O 6. d3 c5 7. c3 b6 8. Na3 Bb7
9. Qc2 Nbd7 10. Re1 Re8 11. e4 e5 12. fxe5 dxe4 13. dxe4 Ng4 14. Bg5 Qb8 15.
Rad1 Bc6 16. e6 Rxe6 17. Bh3 h5 18. Nc4 Ndf6 19. Bf4 Qb7 20. Ng5 Nxe4 21. Nxe6
fxe6 22. Nd6 Nxd6 23. Rxd6 e5 24. Rxc6 Qxc6 25. Bg2 Qf6 26. Bxe5 Re8 27. Qb3+
Kh7 28. Bxf6 Rxe1+ 29. Bf1 Bxf6 30. h3 Ne5 31. Kf2 Rc1 32. Be2 h4 33. g4 c4 34.
Qa4 a5 35. Qb5 Bg7 36. g5 Rc2 37. Ke3 Nf7 38. Qxc4 Nxg5 39. Qd3 Rc1 40. Qc4 Rh1
41. Qxh4+ Bh6 42. Qg4 Nxh3+ 43. Kd4 Nf4 44. Bf3 Re1 45. Kc4 Re5 46. a4 Ne6 47.
Be4 Bg5 48. Qh5+ Kg8 49. Qxg6+ Kf8 50. Bf5 Ng7 51. Bh3 Rc5+ 52. Kb3 b5 53. Qd6+
Be7 54. Qb8+ Kf7 55. axb5 Ne8 56. Qf4+ Nf6 57. Bf1 Ke6 58. b6 Bd6 59. Bc4+ Ke7
60. Qe3+ Re5 61. Qg1 Nd7 62. Qf2 Kd8 63. Qh4+ Re7 64. Qg5 Bc5 65. b7 Kc7 66.
Bd5 Bd6 67. Ka2 Nc5 68. Qg6 Rd7 69. Qe8 Rd8 70. b8=Q+ 1-0

[Event "Fynsmesterskabet"]
[Site "Odense"]
[Date "2011.06.02"]
[Round "3"]
[White "Eriksson, Christian Altenburg"]
[Black "Bromann, Thorbjorn"]
[Result "1/2-1/2"]
[WhiteElo "2139"]
[BlackElo "2405"]
[PlyCount "98"]
[EventDate "2011.06.01"]
[EventType "swiss"]
[EventRounds "9"]
[EventCountry "DEN"]
[SourceTitle "CBM 142 Extra"]
[Source "ChessBase"]
[SourceDate "2011.06.27"]

1. e4 g6 2. d4 Bg7 3. Nc3 d6 4. Nf3 a6 5. Be3 b5 6. Bd3 Nd7 7. a4 b4 8. Ne2 c5
9. c3 bxc3 10. bxc3 Ngf6 11. h3 Bb7 12. Ng3 O-O 13. O-O Qc7 14. Qe2 e6 15. Nd2
Nb8 16. Rfe1 Nfd7 17. Nf3 Nc6 18. Qd2 Na5 19. Qa2 Rac8 20. Rac1 Qb8 21. Rb1 c4
22. Bf1 h6 23. Nd2 d5 24. exd5 exd5 25. Ne2 g5 26. g4 f5 27. gxf5 Rxf5 28. Ng3
Rf7 29. Qc2 Rcf8 30. Nh5 Qd6 31. Bg2 Bc6 32. Rb4 Nb7 33. Nf1 a5 34. Rbb1 Nf6
35. Nfg3 Ne8 36. Rb6 Nd8 37. Reb1 Bh8 38. R1b5 Qc7 39. Rxc6 Nxc6 40. Bxd5 Ne7
41. Bxf7+ Rxf7 42. Nf5 Nxf5 43. Rxf5 Bg7 44. Rxf7 Qxf7 45. Nxg7 Nxg7 46. Qe4
Qd7 47. Qa8+ Kh7 48. Qxa5 Qxh3 49. Qd5 Qg4+ 1/2-1/2

[Event "Fynsmesterskabet"]
[Site "Odense"]
[Date "2011.06.02"]
[Round "3"]
[White "Fries Nielsen, Jens Ove"]
[Black "Kjolberg, Lars"]
[Result "1-0"]
[WhiteElo "2386"]
[BlackElo "2145"]
[PlyCount "57"]
[EventDate "2011.06.01"]
[EventType "swiss"]
[EventRounds "9"]
[EventCountry "DEN"]
[SourceTitle "CBM 142 Extra"]
[Source "ChessBase"]
[SourceDate "2011.06.27"]

1. d4 Nf6 2. Nc3 g6 3. Bf4 Bg7 4. Qd2 d5 5. O-O-O h6 6. f3 c6 7. e4 Be6 8. Kb1
Nbd7 9. e5 Ng8 10. h4 h5 11. Nge2 Nb6 12. Nc1 Nh6 13. Nb3 Nd7 14. Na4 b6 15.
Ba6 b5 16. Nac5 Nxc5 17. Nxc5 Qb6 18. b4 Bf5 19. Kb2 e6 20. a4 bxa4 21. Ra1 Rb8
22. Rxa4 Bf8 23. c3 Ng8 24. Rha1 Bxc5 25. dxc5 Qc7 26. Bg5 Kd7 27. Be2 Rb7 28.
g4 hxg4 29. fxg4 1-0

[Event "Fynsmesterskabet"]
[Site "Odense"]
[Date "2011.06.02"]
[Round "3"]
[White "Fries Nielsen, Niels Jorgen"]
[Black "Frantsen, Tom"]
[Result "1-0"]
[WhiteElo "2326"]
[BlackElo "2117"]
[PlyCount "57"]
[EventDate "2011.06.01"]
[EventType "swiss"]
[EventRounds "9"]
[EventCountry "DEN"]
[SourceTitle "CBM 142 Extra"]
[Source "ChessBase"]
[SourceDate "2011.06.27"]

1. g3 Nf6 2. Bg2 d5 3. d3 c6 4. Nf3 g6 5. O-O Bg7 6. b3 O-O 7. Bb2 Nbd7 8. Nbd2
Re8 9. c4 Qb6 10. Rc1 e5 11. cxd5 cxd5 12. Qc2 Bf8 13. Qb1 Qd6 14. e4 d4 15.
Nc4 Qa6 16. Qa1 b5 17. Ncxe5 Nxe5 18. Nxe5 Rxe5 19. Bxd4 Re6 20. Bxf6 Bb7 21.
Bb2 Rd8 22. Qb1 b4 23. d4 Qa5 24. d5 Ra6 25. Qd3 Qb6 26. Bd4 Qa5 27. Rc2 Re8
28. Rfc1 Qd8 29. Rc7 1-0

[Event "Fynsmesterskabet"]
[Site "Odense"]
[Date "2011.06.02"]
[Round "3"]
[White "Frisk, Ellinor"]
[Black "Preuss, Flemming"]
[Result "1/2-1/2"]
[WhiteElo "2162"]
[BlackElo "1991"]
[PlyCount "85"]
[EventDate "2011.06.01"]
[EventType "swiss"]
[EventRounds "9"]
[EventCountry "DEN"]
[SourceTitle "CBM 142 Extra"]
[Source "ChessBase"]
[SourceDate "2011.06.27"]

1. e4 d6 2. d4 Nf6 3. Nc3 e5 4. dxe5 dxe5 5. Qxd8+ Kxd8 6. Bg5 Be6 7. O-O-O+
Nbd7 8. f4 exf4 9. Nf3 h6 10. Bxf4 c6 11. Nd4 Bb4 12. e5 Nd5 13. Nxd5 Bxd5 14.
e6 Bxe6 15. Ba6 bxa6 16. Nxc6+ Kc8 17. Nxb4 Kb7 18. Rd6 Nb6 19. Rhd1 Rac8 20.
a3 Rc4 21. R1d4 Rhc8 22. c3 Rxd4 23. Rxd4 a5 24. Nd3 h5 25. Bd6 Bf5 26. Ne5 Be6
27. Nf3 g6 28. Bf4 Rc4 29. Kc2 a4 30. Be5 Rxd4 31. Nxd4 Bd5 32. g3 Nc4 33. Bf4
Be4+ 34. Kc1 a6 35. Bg5 Ne5 36. b3 Nf3 37. Nxf3 Bxf3 38. b4 Bd5 39. Kd2 Bc4 40.
Ke3 Kc6 41. Kd4 Kb5 42. Be7 Bb3 43. Bf6 1/2-1/2

[Event "Fynsmesterskabet"]
[Site "Odense"]
[Date "2011.06.02"]
[Round "3"]
[White "Grau, Peter"]
[Black "Knudsen, Jesper"]
[Result "1/2-1/2"]
[WhiteElo "2101"]
[BlackElo "2050"]
[PlyCount "113"]
[EventDate "2011.06.01"]
[EventType "swiss"]
[EventRounds "9"]
[EventCountry "DEN"]
[SourceTitle "CBM 142 Extra"]
[Source "ChessBase"]
[SourceDate "2011.06.27"]

1. d4 Nf6 2. c4 g6 3. Nc3 Bg7 4. e4 d6 5. f3 O-O 6. Bg5 c5 7. Nge2 Nc6 8. d5
Ne5 9. Nc1 a6 10. Qc2 h6 11. Be3 e6 12. Be2 exd5 13. exd5 Re8 14. Ne4 b5 15.
O-O Nxc4 16. Bxc4 bxc4 17. Qxc4 Nxe4 18. fxe4 Bxb2 19. Rb1 Bg7 20. Nd3 a5 21.
e5 Ba6 22. Qf4 Ra7 23. e6 fxe6 24. Qe4 exd5 25. Qxd5+ Kh7 26. Bf2 Rd7 27. Rfd1
Bxd3 28. Rxd3 Re5 29. Qc6 Qe7 30. h3 Re2 31. Rf1 Rc7 32. Qd5 Qe5 33. Qf3 Qe4
34. Qxe4 Rxe4 35. Rxd6 Re2 36. a4 Ra2 37. Rc1 Rxa4 38. Rd5 Ra1 39. Rxa1 Bxa1
40. Bg3 Rf7 41. Bf2 a4 42. Bxc5 Bb2 43. Rd3 Rc7 44. Bb4 Rb7 45. Bc5 Rb3 46.
Rd7+ Kg8 47. Rd8+ Kf7 48. Rd7+ Ke6 49. Rd6+ Kf5 50. g4+ Kf4 51. Rxg6 Rxh3 52.
Rb6 a3 53. Ra6 Kxg4 54. Kg2 Rg3+ 55. Kh1 Bc1 56. Bxa3 Bxa3 57. Rxh6 1/2-1/2

[Event "Fynsmesterskabet"]
[Site "Odense"]
[Date "2011.06.02"]
[Round "3"]
[White "Hansen, Lars Henrik Bech"]
[Black "Andersen, Lars Ren"]
[Result "0-1"]
[WhiteElo "1993"]
[BlackElo "2137"]
[PlyCount "52"]
[EventDate "2011.06.01"]
[EventType "swiss"]
[EventRounds "9"]
[EventCountry "DEN"]
[SourceTitle "CBM 142 Extra"]
[Source "ChessBase"]
[SourceDate "2011.06.27"]

1. e4 c5 2. Nf3 d6 3. d4 cxd4 4. Nxd4 Nf6 5. Nc3 a6 6. Bg5 e6 7. f4 Nbd7 8. Qf3
Qc7 9. O-O-O Be7 10. Bd3 Rb8 11. Rhe1 h6 12. Bh4 g5 13. fxg5 Ne5 14. Qe2 Nfg4
15. Nf3 hxg5 16. Nxe5 Nxe5 17. Bg3 Bd7 18. Rf1 Rc8 19. Qf2 Qc5 20. h3 Qxf2 21.
Rxf2 Rc5 22. Be2 b5 23. Rdf1 O-O 24. Bh5 f6 25. h4 b4 26. Ne2 Nd3+ 0-1

[Event "Fynsmesterskabet"]
[Site "Odense"]
[Date "2011.06.02"]
[Round "3"]
[White "Kantans, Toms"]
[Black "Lafuente, Pablo"]
[Result "1/2-1/2"]
[WhiteElo "2306"]
[BlackElo "2555"]
[PlyCount "67"]
[EventDate "2011.06.01"]
[EventType "swiss"]
[EventRounds "9"]
[EventCountry "DEN"]
[SourceTitle "CBM 142 Extra"]
[Source "ChessBase"]
[SourceDate "2011.06.27"]

1. e4 c6 2. Nc3 d5 3. Nf3 Bg4 4. h3 Bxf3 5. Qxf3 e6 6. g3 Nf6 7. Bg2 Nbd7 8. d4
dxe4 9. Nxe4 Nxe4 10. Qxe4 g6 11. O-O Bg7 12. Rd1 O-O 13. Qe2 Re8 14. Be3 Qa5
15. c4 e5 16. d5 c5 17. a3 Rac8 18. d6 e4 19. Rd5 Qb6 20. Qc2 Rcd8 21. Rb1 Nf6
22. Rxc5 Qxd6 23. Rb5 b6 24. c5 Qc6 25. Rb4 Nd5 26. Rxe4 Nxe3 27. Rxe3 Qxc5 28.
Rxe8+ Rxe8 29. Qd2 Bd4 30. Rd1 Rd8 31. Bf3 Rd6 32. b4 Qe5 33. Kg2 Kg7 34. Qe2
1/2-1/2

[Event "Fynsmesterskabet"]
[Site "Odense"]
[Date "2011.06.02"]
[Round "3"]
[White "Kjolberg, Jens Hjorth"]
[Black "Smith, Axel"]
[Result "0-1"]
[WhiteElo "1931"]
[BlackElo "2450"]
[PlyCount "120"]
[EventDate "2011.06.01"]
[EventType "swiss"]
[EventRounds "9"]
[EventCountry "DEN"]
[SourceTitle "CBM 142 Extra"]
[Source "ChessBase"]
[SourceDate "2011.06.27"]

1. e4 c5 2. Nf3 e6 3. d4 cxd4 4. Nxd4 Nf6 5. Nc3 d6 6. g4 h6 7. h4 Nc6 8. Rg1
d5 9. Bb5 Bd7 10. exd5 Nxd5 11. Nxd5 exd5 12. Qe2+ Be7 13. Be3 Qa5+ 14. c3
O-O-O 15. Nb3 Qc7 16. O-O-O Bxh4 17. Rxd5 Be6 18. Rxd8+ Rxd8 19. Rd1 a6 20.
Rxd8+ Bxd8 21. Bc4 Bxc4 22. Qxc4 Ne5 23. Qe4 Bf6 24. Nc5 g6 25. Kc2 Qc6 26. Qf4
Nd7 27. Nxd7 Kxd7 28. Qxh6 Qe4+ 29. Kc1 Qxg4 30. Qh1 Kc8 31. Qd5 Qd7 32. Qc5+
Qc7 33. Qb4 Be7 34. Qg4+ Kd8 35. Qf3 Ke8 36. Qh3 Qc4 37. Qf3 Qc6 38. Qh3 Bf6
39. Qg4 Kf8 40. a3 Qd5 41. Kc2 Kg7 42. Qh3 Qe4+ 43. Kc1 g5 44. Qh5 Qg2 45. Kb1
a5 46. Qd1 Qe4+ 47. Kc1 Kg6 48. Qg1 g4 49. Qh2 Bg5 50. Qd6+ f6 51. Bxg5 Kxg5
52. Qc5+ Qe5 53. Qxe5+ fxe5 54. a4 Kf4 55. Kd2 Kf3 56. Ke1 e4 57. Kf1 e3 58.
fxe3 Kxe3 59. b4 Kd3 60. bxa5 Kxc3 0-1

[Event "Fynsmesterskabet"]
[Site "Odense"]
[Date "2011.06.02"]
[Round "3"]
[White "Larsen, Ulrik Jejlskov"]
[Black "Rendboe, John Filip"]
[Result "0-1"]
[WhiteElo "1755"]
[BlackElo "2272"]
[PlyCount "72"]
[EventDate "2011.06.01"]
[EventType "swiss"]
[EventRounds "9"]
[EventCountry "DEN"]
[SourceTitle "CBM 142 Extra"]
[Source "ChessBase"]
[SourceDate "2011.06.27"]

1. e4 c5 2. Nc3 Nc6 3. g3 g6 4. Bg2 Bg7 5. d3 d6 6. f4 e6 7. Nf3 Nge7 8. O-O
O-O 9. Bd2 Rb8 10. Rb1 b5 11. a3 a5 12. a4 b4 13. Nb5 d5 14. e5 f6 15. Qe1 Bd7
16. g4 Nc8 17. Qg3 N6a7 18. Nxa7 Nxa7 19. Rbe1 Bxa4 20. b3 Be8 21. f5 fxe5 22.
Ng5 exf5 23. gxf5 Rxf5 24. Rxf5 gxf5 25. Ne6 Qf6 26. Bxd5 Bf7 27. Bg5 Qg6 28.
Nxg7 Bxd5 29. Rxe5 Nc6 30. Rxd5 Qxg7 31. Rxc5 Rb6 32. Rxf5 Nd4 33. Re5 Nf3+ 34.
Qxf3 Qxe5 35. Bf4 Rg6+ 36. Kf2 Qc5+ 0-1

[Event "Fynsmesterskabet"]
[Site "Odense"]
[Date "2011.06.02"]
[Round "3"]
[White "Lund, Silas"]
[Black "Hagen, Andreas Skytte"]
[Result "1/2-1/2"]
[WhiteElo "2401"]
[BlackElo "2346"]
[PlyCount "67"]
[EventDate "2011.06.01"]
[EventType "swiss"]
[EventRounds "9"]
[EventCountry "DEN"]
[SourceTitle "CBM 142 Extra"]
[Source "ChessBase"]
[SourceDate "2011.06.27"]

1. d4 Nf6 2. c4 g6 3. Nc3 d5 4. Nf3 Bg7 5. Bg5 Ne4 6. cxd5 Nxg5 7. Nxg5 O-O 8.
Nf3 c6 9. dxc6 Nxc6 10. e3 e5 11. dxe5 Nxe5 12. Nxe5 Bxe5 13. Qxd8 Rxd8 14. Bc4
Bf5 15. Rd1 Rxd1+ 16. Kxd1 Rc8 17. Bb3 Bxc3 18. bxc3 Rxc3 19. Kd2 Rc5 20. f3
Kf8 21. e4 Be6 22. Rb1 Bxb3 23. axb3 Ra5 24. Rb2 Ke7 25. Kd3 Ra1 26. b4 Kd6 27.
Kc4 Rc1+ 28. Kd4 a6 29. f4 f6 30. g3 Rd1+ 31. Kc4 Rc1+ 32. Kd4 Rd1+ 33. Kc4
Rc1+ 34. Kd4 1/2-1/2

[Event "Fynsmesterskabet"]
[Site "Odense"]
[Date "2011.06.02"]
[Round "3"]
[White "Meszaros, Michal"]
[Black "Teplyi, Igor"]
[Result "1/2-1/2"]
[WhiteElo "2414"]
[BlackElo "2387"]
[PlyCount "49"]
[EventDate "2011.06.01"]
[EventType "swiss"]
[EventRounds "9"]
[EventCountry "DEN"]
[SourceTitle "CBM 142 Extra"]
[Source "ChessBase"]
[SourceDate "2011.06.27"]

1. e4 c5 2. Nf3 d6 3. d4 cxd4 4. Nxd4 Nf6 5. Nc3 a6 6. Be2 e5 7. Nb3 Be7 8. Bg5
Be6 9. Bxf6 Bxf6 10. Qd3 O-O 11. O-O-O Be7 12. Kb1 Nd7 13. Nd5 Bxd5 14. Qxd5
Qb6 15. Rhf1 Nf6 16. Qd3 Rfd8 17. Bf3 Qa7 18. Na5 Rac8 19. Nc4 b5 20. Ne3 b4
21. Qb3 a5 22. Nd5 Nxd5 23. Rxd5 Rc5 24. Be2 Rdc8 25. Bd3 1/2-1/2

[Event "Fynsmesterskabet"]
[Site "Odense"]
[Date "2011.06.02"]
[Round "3"]
[White "Randlov, Carsten"]
[Black "Bank Friis, Carsten"]
[Result "0-1"]
[WhiteElo "1863"]
[BlackElo "2321"]
[PlyCount "60"]
[EventDate "2011.06.01"]
[EventType "swiss"]
[EventRounds "9"]
[EventCountry "DEN"]
[SourceTitle "CBM 142 Extra"]
[Source "ChessBase"]
[SourceDate "2011.06.27"]

1. d4 Nf6 2. c4 e6 3. Nf3 b6 4. g3 Bb7 5. Bg2 Be7 6. Nc3 O-O 7. O-O d6 8. Qc2
Nbd7 9. Rd1 Qb8 10. e4 c5 11. d5 e5 12. Bh3 Ba6 13. Bg5 Rd8 14. Qe2 Nf8 15. Nh4
Nxd5 16. Nf5 Bxg5 17. Nxd5 Kh8 18. f4 exf4 19. gxf4 Bf6 20. Nxf6 gxf6 21. Nh6
Qc7 22. Bf5 Ng6 23. Kf2 d5 24. Qg4 Kg7 25. Rd3 Qxf4+ 26. Qxf4 Nxf4 27. Rf3 Ng6
28. cxd5 Kxh6 29. h4 Ne5 30. Rg3 Bc8 0-1

[Event "Fynsmesterskabet"]
[Site "Odense"]
[Date "2011.06.02"]
[Round "3"]
[White "Rasmussen, Jens"]
[Black "Rewitz, Poul"]
[Result "0-1"]
[WhiteElo "1789"]
[BlackElo "2289"]
[PlyCount "112"]
[EventDate "2011.06.01"]
[EventType "swiss"]
[EventRounds "9"]
[EventCountry "DEN"]
[SourceTitle "CBM 142 Extra"]
[Source "ChessBase"]
[SourceDate "2011.06.27"]

1. d4 Nf6 2. Nf3 e6 3. e3 b6 4. Bd3 Bb7 5. Nbd2 Be7 6. a3 O-O 7. O-O c5 8. Re1
Nc6 9. c3 d5 10. b3 Re8 11. Bb2 Bf8 12. e4 a5 13. e5 Nh5 14. g3 g6 15. Bb5 Re7
16. Nf1 Rc7 17. Bxc6 Rxc6 18. Bc1 cxd4 19. cxd4 Rac8 20. Bd2 Ba6 21. g4 Ng7 22.
Ng3 Be7 23. Re3 Bb5 24. a4 Ba6 25. Rc1 Rxc1 26. Bxc1 Bb4 27. h4 Qc7 28. Bd2 Qc2
29. Qe1 Be7 30. Kg2 h6 31. Qa1 Bd3 32. Qc1 Qxc1 33. Bxc1 Be4 34. Bd2 Bc2 35.
Kh2 h5 36. gxh5 gxh5 37. Ne1 Bf5 38. Nxf5 Nxf5 39. Rd3 Bxh4 40. Kg2 Be7 41. Nf3
Kg7 42. Kh3 Kg6 43. Bf4 Rc2 44. Bd2 Bb4 45. Kg2 h4 46. Be1 Kh5 47. Bd2 Bxd2 48.
Nxd2 Kg4 49. Nf1 h3+ 50. Rxh3 Nh4+ 51. Rxh4+ Kxh4 52. Kf3 Rc3+ 53. Ne3 Rd3 54.
Ke2 Rxd4 55. f3 Rb4 56. f4 Rxb3 0-1

[Event "Fynsmesterskabet"]
[Site "Odense"]
[Date "2011.06.02"]
[Round "3"]
[White "Rhee, Alexander H"]
[Black "Topholm, Morten"]
[Result "1-0"]
[WhiteElo "2097"]
[BlackElo "2159"]
[PlyCount "81"]
[EventDate "2011.06.01"]
[EventType "swiss"]
[EventRounds "9"]
[EventCountry "DEN"]
[SourceTitle "CBM 142 Extra"]
[Source "ChessBase"]
[SourceDate "2011.06.27"]

1. c4 e5 2. g3 Nc6 3. Nc3 g6 4. Bg2 Bg7 5. e4 d6 6. Nge2 h5 7. h4 Bg4 8. f3 Be6
9. d3 Qd7 10. Nd5 Nd8 11. d4 f5 12. exf5 gxf5 13. Ne3 Qf7 14. f4 e4 15. d5 Bd7
16. Bh3 Nh6 17. Rb1 Bf6 18. Qd2 a5 19. b3 b6 20. a3 O-O 21. Bb2 Nb7 22. Nd4 Qg6
23. Kf2 Nc5 24. Bf1 Kh7 25. b4 axb4 26. axb4 Ra2 27. bxc5 bxc5 28. Nb5 Bxb5 29.
cxb5 Rg8 30. Rh3 Bd4 31. Ke1 Ng4 32. Nd1 Rga8 33. Bc4 Rxb2 34. Rxb2 e3 35. Qc2
Nf2 36. Nxf2 exf2+ 37. Kf1 Qg4 38. Kg2 Ra3 39. Rb3 Ra1 40. Rb1 Ra3 41. Be2 1-0

[Event "Fynsmesterskabet"]
[Site "Odense"]
[Date "2011.06.02"]
[Round "3"]
[White "Skjoldager, Mikael"]
[Black "Pedersen, Hans Buus"]
[Result "1/2-1/2"]
[WhiteElo "1990"]
[BlackElo "2141"]
[PlyCount "149"]
[EventDate "2011.06.01"]
[EventType "swiss"]
[EventRounds "9"]
[EventCountry "DEN"]
[SourceTitle "CBM 142 Extra"]
[Source "ChessBase"]
[SourceDate "2011.06.27"]

1. e4 c6 2. d4 d5 3. Nc3 dxe4 4. Nxe4 Bf5 5. Ng3 Bg6 6. h4 h6 7. Nf3 Nd7 8. h5
Bh7 9. Bd3 Bxd3 10. Qxd3 e6 11. Bf4 Qa5+ 12. Bd2 Bb4 13. c3 Be7 14. c4 Qc7 15.
O-O-O Ngf6 16. Kb1 O-O 17. Rhe1 b5 18. c5 Rfd8 19. Qc2 a5 20. Nf1 Rdb8 21. Ne3
b4 22. g4 a4 23. Qd3 Qb7 24. Qf1 Qb5 25. Nc4 Nd5 26. Ka1 Bf6 27. g5 hxg5 28.
Bxg5 a3 29. b3 Nc3 30. Rd2 Rd8 31. Bxf6 Nxf6 32. h6 Nfe4 33. Qg2 g6 34. Rc2
Nxc5 35. Nfe5 Nxb3+ 36. axb3 Qd5 37. h7+ Kg7 38. Qxd5 cxd5 39. Nb6 Ra6 40. Ned7
Kxh7 41. Nf6+ Kg7 42. Nfd7 Rh8 43. f3 f6 44. Na4 Nxa4 45. bxa4 Ra7 46. Nc5 e5
47. dxe5 fxe5 48. Rxe5 b3 49. Nxb3 Rxa4 50. Ka2 Rh3 51. Nc5 Ra7 52. f4 Kf6 53.
Rxd5 Rh5 54. Ne4+ Kg7 55. Rd6 Rf5 56. Ng5 Rf6 57. Rd4 Rb6 58. Rdc4 Kf6 59. Rc5
Rab7 60. Ne4+ Ke6 61. Re5+ Kf7 62. Rg2 Ra7 63. Rh2 Kg7 64. Ng5 Rb2+ 65. Rxb2
axb2+ 66. Kxb2 Ra4 67. Re7+ Kf8 68. Rf7+ Kg8 69. Rf6 Kg7 70. Rc6 Kh6 71. Nh3
Kh5 72. Kb3 Rd4 73. Kc3 Ra4 74. Rc5+ Kg4 75. Rg5+ 1/2-1/2

[Event "Fynsmesterskabet"]
[Site "Odense"]
[Date "2011.06.02"]
[Round "3"]
[White "Stigar, Petter"]
[Black "Skjoldager, Per"]
[Result "1/2-1/2"]
[WhiteElo "2314"]
[BlackElo "2107"]
[PlyCount "35"]
[EventDate "2011.06.01"]
[EventType "swiss"]
[EventRounds "9"]
[EventCountry "DEN"]
[SourceTitle "CBM 142 Extra"]
[Source "ChessBase"]
[SourceDate "2011.06.27"]

1. Nf3 Nf6 2. c4 g6 3. Nc3 d5 4. cxd5 Nxd5 5. e4 Nxc3 6. dxc3 Qxd1+ 7. Kxd1 Nd7
8. Bf4 c6 9. a4 f6 10. Bc4 e5 11. Be3 Bc5 12. Ke2 Bxe3 13. Kxe3 Nb6 14. Bb3 a5
15. Ne1 c5 16. g3 Bd7 17. f4 exf4+ 18. gxf4 1/2-1/2

[Event "Fynsmesterskabet"]
[Site "Odense"]
[Date "2011.06.02"]
[Round "3"]
[White "Tikkanen, Hans"]
[Black "Mikkelsen, Nikolaj"]
[Result "1-0"]
[WhiteElo "2560"]
[BlackElo "2401"]
[PlyCount "71"]
[EventDate "2011.06.01"]
[EventType "swiss"]
[EventRounds "9"]
[EventCountry "DEN"]
[SourceTitle "CBM 142 Extra"]
[Source "ChessBase"]
[SourceDate "2011.06.27"]

1. Nf3 Nf6 2. c4 g6 3. Nc3 d5 4. cxd5 Nxd5 5. d3 Bg7 6. Bd2 O-O 7. a3 c5 8. e3
Nc6 9. Be2 b6 10. O-O Bb7 11. Rb1 Rc8 12. Qa4 a5 13. Rfd1 e6 14. Qb3 Nf6 15.
Na4 Nd7 16. Bc3 Ba6 17. Bxg7 Kxg7 18. Rbc1 Rb8 19. Bf1 Qf6 20. d4 Bxf1 21. Kxf1
Rfc8 22. Qb5 Rc7 23. dxc5 Na7 24. Qa6 Rbc8 25. Nxb6 Nxc5 26. Qxa5 Nb3 27. Rxc7
Nxa5 28. Nxc8 Nxc8 29. Rxc8 Qxb2 30. Rc7 Nc6 31. g3 Nb8 32. Kg2 Na6 33. Ra7 Nc5
34. Ng5 Qe2 35. Rxf7+ Kh6 36. h4 1-0

[Event "Fynsmesterskabet"]
[Site "Odense"]
[Date "2011.06.02"]
[Round "3"]
[White "Wilton, Lars"]
[Black "Hansen, Ib Lynaes"]
[Result "1-0"]
[WhiteElo "2144"]
[BlackElo "1920"]
[PlyCount "81"]
[EventDate "2011.06.01"]
[EventType "swiss"]
[EventRounds "9"]
[EventCountry "DEN"]
[SourceTitle "CBM 142 Extra"]
[Source "ChessBase"]
[SourceDate "2011.06.27"]

1. c4 Nf6 2. Nc3 d6 3. d4 Nbd7 4. Nf3 g6 5. g3 Bg7 6. Bg2 O-O 7. O-O c6 8. h3
Qc7 9. e4 e5 10. Be3 Re8 11. Qc2 b6 12. Rfd1 Bb7 13. b4 a6 14. dxe5 dxe5 15. c5
Rad8 16. cxb6 Nxb6 17. Nd2 Nbd7 18. Nb3 Bf8 19. a3 c5 20. Na4 c4 21. Rac1 Rc8
22. Nbc5 Bc6 23. Nxd7 Nxd7 24. Qxc4 Qb7 25. Nc5 Nxc5 26. bxc5 Kg7 27. f3 Bb5
28. Qc3 f6 29. h4 Red8 30. g4 Rxd1+ 31. Rxd1 Qc6 32. Rc1 Qe6 33. Kh2 h5 34.
gxh5 Qe7 35. Bh3 Rc7 36. hxg6 Kxg6 37. Qb3 Qf7 38. Be6 Qe8 39. Rg1+ Kh7 40.
Bf5+ Kh8 41. Qg8# 1-0

[Event "Fynsmesterskabet"]
[Site "Odense"]
[Date "2011.06.03"]
[Round "4"]
[White "Bank Friis, Carsten"]
[Black "Danielsen, Henrik"]
[Result "0-1"]
[WhiteElo "2321"]
[BlackElo "2545"]
[PlyCount "64"]
[EventDate "2011.06.01"]
[EventType "swiss"]
[EventRounds "9"]
[EventCountry "DEN"]
[SourceTitle "CBM 142 Extra"]
[Source "ChessBase"]
[SourceDate "2011.06.27"]

1. c4 g6 2. Nc3 Bg7 3. g3 Nf6 4. Bg2 O-O 5. Nf3 d6 6. d4 Nbd7 7. O-O e5 8. dxe5
dxe5 9. Qc2 c6 10. Rd1 Re8 11. e3 Qc7 12. b3 Nc5 13. e4 Bg4 14. h3 Bxf3 15.
Bxf3 Ne6 16. Bg2 h5 17. Be3 Kh7 18. Rd3 Bh6 19. Bxh6 Kxh6 20. Rad1 Kg7 21. b4
Rad8 22. Rxd8 Rxd8 23. Rxd8 Qxd8 24. Qd1 Nd4 25. c5 h4 26. Kh2 Nh5 27. g4 Nf4
28. Bf1 Qf6 29. Kg1 Nfe6 30. Kg2 Ng5 31. Be2 Nxh3 32. Kxh3 Qxf2 0-1

[Event "Fynsmesterskabet"]
[Site "Odense"]
[Date "2011.06.03"]
[Round "4"]
[White "Bromann, Thorbjorn"]
[Black "Rhee, Alexander H"]
[Result "1-0"]
[WhiteElo "2405"]
[BlackElo "2097"]
[PlyCount "57"]
[EventDate "2011.06.01"]
[EventType "swiss"]
[EventRounds "9"]
[EventCountry "DEN"]
[SourceTitle "CBM 142 Extra"]
[Source "ChessBase"]
[SourceDate "2011.06.27"]

1. c4 g6 2. g3 Bg7 3. Bg2 c5 4. Nc3 Nc6 5. a3 a6 6. e3 d6 7. Nge2 Bg4 8. h3 Bd7
9. O-O Rb8 10. Rb1 b5 11. cxb5 axb5 12. b4 cxb4 13. axb4 Ne5 14. f4 Nc4 15. d3
Nb6 16. e4 Qc8 17. Kh2 Bxc3 18. Nxc3 Qxc3 19. Bb2 Qc7 20. Bxh8 f6 21. f5 Kf8
22. Qg4 Be8 23. Qh4 h5 24. fxg6 Bxg6 25. Rbd1 Qd8 26. Qg5 Qe8 27. e5 Qf7 28.
exf6 exf6 29. Bxf6 1-0

[Event "Fynsmesterskabet"]
[Site "Odense"]
[Date "2011.06.03"]
[Round "4"]
[White "Brunello, Sabino"]
[Black "Epishin, Vladimir"]
[Result "1-0"]
[WhiteElo "2537"]
[BlackElo "2562"]
[PlyCount "51"]
[EventDate "2011.06.01"]
[EventType "swiss"]
[EventRounds "9"]
[EventCountry "DEN"]
[SourceTitle "CBM 142 Extra"]
[Source "ChessBase"]
[SourceDate "2011.06.27"]

1. Nf3 e6 2. c4 b6 3. g3 Bb7 4. Bg2 Nf6 5. O-O Be7 6. b3 O-O 7. Bb2 d5 8. e3 c5
9. Nc3 Nbd7 10. Qe2 Qc7 11. Rac1 Rad8 12. Rfd1 Rfe8 13. cxd5 exd5 14. d4 Bf8
15. Nh4 Qb8 16. dxc5 Nxc5 17. b4 Ne6 18. Nb5 Ne4 19. Ba1 Bxb4 20. Nf5 Bc5 21.
Qg4 g6 22. Bxe4 dxe4 23. Qh4 gxf5 24. Qf6 Nd4 25. Nxd4 Rd6 26. Ne6 1-0

[Event "Fynsmesterskabet"]
[Site "Odense"]
[Date "2011.06.03"]
[Round "4"]
[White "Carlstedt, Jonathan"]
[Black "Tikkanen, Hans"]
[Result "0-1"]
[WhiteElo "2308"]
[BlackElo "2560"]
[PlyCount "56"]
[EventDate "2011.06.01"]
[EventType "swiss"]
[EventRounds "9"]
[EventCountry "DEN"]
[SourceTitle "CBM 142 Extra"]
[Source "ChessBase"]
[SourceDate "2011.06.27"]

1. c4 e5 2. g3 c6 3. d4 e4 4. Qa4 Na6 5. Bg2 Nf6 6. Bd2 Qb6 7. Bc3 Bb4 8. Qb3
d5 9. Nd2 O-O 10. c5 Qa5 11. a3 Bxc3 12. Qxc3 Qxc3 13. bxc3 b6 14. cxb6 axb6
15. e3 Nc7 16. c4 Ba6 17. Bf1 Ra7 18. Nh3 Rfa8 19. cxd5 Ncxd5 20. Bxa6 Rxa6 21.
O-O Rxa3 22. Rxa3 Rxa3 23. Ng5 Nc3 24. Nc4 Ra6 25. Ne5 b5 26. Kg2 b4 27. Rc1
Nfd5 28. Nc4 Ra2 0-1